000 00616cam a2200145Ka 4500
082 0 4 _a968.9102
_bBAD
100 1 _aBaden-Powell of Gilwell, Robert Stephenson Smyth Baden-Powell,
_950066
245 1 4 _aThe Matabele campaign, 1896
_bbeing a narrative of the campaign in supressing the native rising in Matabeleland and Mashonaland /
_cby R.S.S. Baden-Powell.
260 _aLondon :
_bMethuen,
_c1897.
300 _a1 online resource (500 p.) :
_bill., maps
526 _a0
_b0
_c0
_d968_910200000000000_BAD
650 _aMCE
_9379
856 4 0 _uhttp://catalog.hathitrust.org/api/volumes/oclc/3911577.html
942 _2ddc
_cBK
999 _c552822
_d552822